000 00645nam a2200181Ia 4500
003 GCL
008 140319s9999 xx 000 0 ara d
040 _aGCL /
_cGCL
082 0 4 _a922.1
_bت ك
100 1 _aعلى سلامة (ترجمة)
245 1 0 _aالكواكبى المفكر السائر : اسهام فى دراسة الاسلام الحديث /
_cعلى سلامة (ترجمة)
300 _a188 ص
490 _a
650 0 4 _aالاسلام - تراجم
650 0 4 _aالاحياء والاصلاح والتجديد
650 0 4 _aالاسلام - حركات الاحياء والاصلاح والتجديد
942 _2ddc
_cBK
999 _c41586
_d41586